01391cam a2200349 a 4500999001700000001000900017003000400026005001700030008004100047010001700088020002400105020002500129020002500154020002500179040001800204050002200222082001200244245007400256260004700330300004400377490001500421504006600436505015900502650002500661650002600686700002000712700002800732856008200760906004500842942003200887952012200919 c22194d2219415120088OSt20170123152150.0071220s2009 miua b 001 0 eng  a 2007051972 a9781414402987 (set) a9781414402994 (v. 1) a9781414403007 (v. 2) a9781414403014 (v. 3) aDLCcDLCdDLC00aQ175b.S4238 200900a50022200aScientific thought /cK. Lee Lerner & Brenda Wilmoth Lerner, editors. aDetroit :bGale, Cengage Learning,cc2009. a3 v. (lxxxi, 1394 p.) :bill. ;c29 cm.0 aIn context aIncludes bibliographical references (p. 1291-1336) and index.0 av. 1. Astronomy and cosmology to biotechnology -- v. 2. Chemistry to science philosophy and practice -- v. 3. Chronology sources consulted, general index. 0aSciencexPhilosophy. 0aSciencexMethodology.1 aLerner, K. Lee.1 aLerner, Brenda Wilmoth.413Table of contents onlyuhttp://www.loc.gov/catdir/toc/ecip087/2007051972.html a7bcbccorignewd1eecipf20gy-gencatlg 2lcccBOOKShQ 175 .L47 2009 00102lcc4070aMUCbMUCcTECHd2017-01-23eDonation (BFA)l0oQC 30 .S47 2002p31404r2018-07-10w2017-01-23yBOOKS